000 00622nam a2200241Ia 4500
003 OSt
005 20220918194951.0
006 a|||||r|||| 00| 0
007 ta
008 220917b |||||||| |||| 00| 0 eng d
024 _a82,730
037 _cTextual
040 _aARTS
_cARTS
_beng
041 _2eng
_aeng
082 _aS1:86, K5
100 _aSpeers Rex W
_988226
245 0 _aGroup therapy in childhood psychosis
260 _c1965
650 _aPSYCHOLOGY
700 _a Lansing Cornelius
_988227
942 _hS1:86, K5
_cTEXL
_2CC
999 _c206448
_d206448